Numerical Methods in Engineering and Science /

Enregistré dans:
Détails bibliographiques
Auteur principal: Vahl Davis, Graham de (Auteur)
Format: Livre
Langue:anglais
Publié: London : Chapman and Hall, 1986
Tags: Ajouter un tag
Pas de tags, Soyez le premier à ajouter un tag!

MARC

LEADER 00000nam a22000003a 4500
001 stu21101
005 20150617225749.3
008 930216s1986----uk------------------eng-d
020 |a 0-412-43880-1 
040 |a STU  |b slo 
041 0 |a eng 
044 |a uk 
080 |a 519.61 
100 1 |a Vahl Davis, Graham de  |4 aut 
245 1 |a Numerical Methods in Engineering and Science /  |c [aut.]Vahl Davis,Graham de 
260 |a London :  |b Chapman and Hall,  |c 1986 
300 |a 286 s :  |b Tab.,grafy,index 
996 |b C91024  |c C*91024  |l CCXX  |s P  |a 0  |w stu21101_0001